Gaming Quiz

Random Gaming Quiz

Name the Danganronpa Character! Quiz Stats

 Plays Quiz not verified by Sporcle

Score 0/16 Timer 07:00
0 Plays Today
Hint Answer % Correct
SHSL InventorMiu Iruma
97.7%
SHSL PianistKaede Akamatsu
97.7%
SHSL AstronautKaito Momota
97.7%
SHSL LeaderKokichi Ouma
96.2%
SHSL ???Rantaro Amami
95.4%
SHSL MaidKirumi Tojo
95.4%
SHSL ArtistAngie Yonaga
94.7%
SHSL CosplayerTsumugi Shirogane
94.7%
Hint Answer % Correct
SHSL DetectiveShuichi Saihara
94.7%
SHSL EntomologistGonta Gokuhara
93.9%
SHSL RobotK1-B0
93.9%
SHSL Tennis PlayerRyoma Hoshi
93.1%
SHSL Aikido PractitionerTenko Chabashira
90.8%
SHSL AnthropologistKorekiyo Shinguji
90.8%
SHSL MagicianHimiko Yumeno
89.3%
SHSL Assassin/CaregiverMaki Harukawa
88.5%

You're not logged in!

Compare scores with friends on all Sporcle quizzes.
OR
Log In

Sporcle TV

Today on Sporcle TV


Watch our educational content, quiz creation guides, and fun videos on Sporcle TV.

Show Comments

Extras

Created Sep 2, 2017ReportNominate
Tags:character, Harmony, Killing

Top Quizzes Today


Score Distribution

Your Account Isn't Verified!

In order to create a playlist on Sporcle, you need to verify the email address you used during registration. Go to your Sporcle Settings to finish the process.

Report this User

Report this user for behavior that violates our Community Guidelines.

Details: